| 000 | 00690nam a2200193 a 4500 | ||
|---|---|---|---|
| 005 | 20230128063541.0 | ||
| 008 | 991125s1981 mx 000 0 spa u | ||
| 020 | _a9688040355 | ||
| 035 | _aUPN01000047872 | ||
| 049 | _aSEP | ||
| 050 | 4 |
_aLB1523 _bR6.6p |
|
| 100 | 1 |
_aRodríguez Andión, Lourdes O. _929609 |
|
| 245 | 1 | 0 |
_aPrograma pedagógico para el niño de 4 a 6 años que asisten a los Centros de Desarrollo Infantil / _cLourdes O. Rodríguez Andión. |
| 260 |
_aMéxico : _bSEP,Dirección General de Educación Inicial, _c1981. |
||
| 300 | _a136 p. | ||
| 650 | 4 |
_aCENTROS DE DESARROLLO INFANTIL _96309 |
|
| 650 | 2 |
_aEducación preescolar _vPlanes y programas _99221 |
|
| 905 | _aLibro | ||
| 999 |
_c47872 _d47872 |
||